Normal view
MARC view
- Darien, Georges,
Entry Nombre Personal
001 - NUMERO DE CONTROL
- campo de control: 34594
003 - IDENTIFICADOR DE NUMERO DE CONTROL
- campo de control: UPN
005 - FECHA Y HORA DE LA ÜLTIMA TRANSACCIÓN
- campo de control: 20210219194454.0
008 - DATOS DE LONGITUD FIJA
- campo de control de longitud fija: nabaccnnaabn|||||||||| b |nc|||||d
035 ## - NUMERO DE CONTROL
- Número de control: UPN11000006701
040 ## - FUENTE DE CATALOGACIÓN
- Lenguaje de catalogación: SPA
- Agencia de transcripción: UPN
053 #4 - NÚMERO DE CLASIFICACIÓN LC
- Número de clasificación elemento-número único o número inicial de tramo: PQ2607 A7.5
100 1# - ENCABEZAMIENTO - NOMBRE PERSONAL
- Nombre personal: Darien, Georges,
- Fechas asociadas con el nombre: 1862-1921
400 1# - VEÁSE - NOMBRE DE PERSONA
- Personal name: Adrien, Georges Hippolyte,
- Dates associated with a name: 1862-1921
670 ## - FUENTE EN LA QUE SE LOCALIZARON DATOS
- Cita de la fuente: LC
680 ## - NOTA PUBLICA DE ACCESO PÚBLICO
- Frase explicativa de la referencia: Escritor francés asociado con el anarquismo y un abierto defensor de Georgismo
902 ## - CATALOGADOR
- Catalogador: CAA/100114
